000 00515nam a2200181Ia 4500
003 LK-CoDNM
008 010623t2001 xxu||||| |||| 00| 1 sin d
040 _aLK-CoDNM
_dLK-CoDNM
_eLK-CoDNM
041 _asin
080 _a641.5
_bMAY
100 _aMayadunne,Shantha.
245 _aශාන්තාගෙන් ඔබට රස බොජුන්-1
246 _aShanthagen obata rasa bojun-I
260 _bAuthor
_c2001
300 _b106p,pl., 22 100: 955-97445-0-X cm
650 _aCookery
942 _cBK
999 _c121485
_d121485